000 01359nam a2200277Ia 4500
005 20260324130655.0
008 008 260324s9999 xx 000 0 eng d
020 _a9781315221861
037 _aEBOOK
040 _aCRL
040 _beng
040 _cCRL
041 _2eng
041 _aeng
084 _qCRL
100 _aJames Bartlett; Janet Golio; Melvin L. Belchel, Jr.; Balvinder S. Bisla; Alfy Riddle; Al Petrick; Arye Rosen; Harel Rosen; Madhu S. Gupta; Bob O'Hara; Arthur C. Paolella; Mike Golio; Matthew N.O. Sadiku; Michael Pecht; Allan D. Kraus; Josh T. Nessmith; James C. Wiltse; Andrew D. Kucar; Nicholas E. Buris; Patrick Fay; Nils V. Jespersen; Wayne Stark; Ramesh K. Gupta; John M. Osepchuk; Vesna Radisic; Ian Gifford; Dan Jenkins; Yongxi Qian; Tatsuo Itoh; Brent McDonald; Karl J. Geisler; William Deal; Samuel O. Piper; Diganta Das; George K. Schoneman; Ronald C. Petersen; Michael J. Biercuk; Leland Farrer, M.; William Jemison; Carey Rappaport; John Wendler, P; Paul Flikkema; H. Mike Harris; John F. Sevic; Sudarshan Rao Nelatury
_91182666
245 0 _aRF and Microwave Applications and Systems
260 _bTaylor and Francis
260 _c2007
365 _a
365 _b340
856 _uhttp://www.taylorfrancis.com/books/9781315221861
942 _cEBOOK
999 _c1779043
_d1779043